000 00303pam a2200133 a 4500
020 _c
041 _h
082 _a741
_bBOX
100 _aRichard Box.
245 _aDrawing Step-by- step
_hTextual Documents
260 _a[s.l]:
_bPage one Publisher,
_c2009.
300 _a14:
_bpaper.
930 _a5714
999 _c239504
_d239504